|
|
|
|
| LEADER |
01350nam a2200361Ia 4500 |
| 001 |
EBC484891 |
| 003 |
MiAaPQ |
| 005 |
20200520144314.0 |
| 006 |
m o d | |
| 007 |
cr cn||||||||| |
| 008 |
090930s2010 nju sb 001 0 eng d |
| 010 |
|
|
|z 2009038780
|
| 020 |
|
|
|z 9780470554777 (cloth)
|
| 035 |
|
|
|a (MiAaPQ)EBC484891
|
| 035 |
|
|
|a (Au-PeEL)EBL484891
|
| 035 |
|
|
|a (CaPaEBR)ebr10361014
|
| 035 |
|
|
|a (CaONFJC)MIL249091
|
| 035 |
|
|
|a (OCoLC)593240091
|
| 040 |
|
|
|a MiAaPQ
|c MiAaPQ
|d MiAaPQ
|
| 050 |
|
4 |
|a HD58.9
|b .M95 2010
|
| 100 |
1 |
|
|a Myler, Larry,
|d 1959-
|
| 245 |
1 |
0 |
|a Indispensable by Monday
|h [electronic resource] :
|b learn the profit-producing behaviors that will help your company...and yourself /
|c Larry Myler.
|
| 260 |
|
|
|a Hoboken, NJ :
|b John Wiley & Sons,
|c c2010.
|
| 300 |
|
|
|a xviii, 173 p.
|
| 504 |
|
|
|a Includes bibliographical references and index.
|
| 533 |
|
|
|a Electronic reproduction. Ann Arbor, MI : ProQuest, 2015. Available via World Wide Web. Access may be limited to ProQuest affiliated libraries.
|
| 650 |
|
0 |
|a Organizational effectiveness.
|
| 650 |
|
0 |
|a Cost effectiveness.
|
| 650 |
|
0 |
|a Value added.
|
| 650 |
|
0 |
|a Employee motivation.
|
| 655 |
|
4 |
|a Electronic books.
|
| 710 |
2 |
|
|a ProQuest (Firm)
|
| 856 |
4 |
0 |
|u https://ebookcentral.proquest.com/lib/matrademy/detail.action?docID=484891
|z Click to View
|